00426nam a2200133 a 450000100100000000500170001000800410002704000250006808200150009311000780010824500520018626000340023830000200027200003256020250502073820.0110428s1985 dr 000 0 spa d aDO-SdBNPbspacBNPHU axxxxbR4261 aRepública Dominicana.bOficina Nacional de Administración y Personal 10aProgramación :bcurso de adiestramiento 1985. aSanto Domingo :bONAP,c1985. a76 p. ;c22 cm.